Rewire or Rust : (Record no. 605607)

MARC details
000 -LEADER
fixed length control field 00447nam a2200181 a 4500
008 - FIXED-LENGTH DATA ELEMENTS--GENERAL INFORMATION
fixed length control field 251229s2006##################000#0#eng##
020 ## - INTERNATIONAL STANDARD BOOK NUMBER
ISBN 9780731404094
082 04 - DEWEY DECIMAL CLASSIFICATION NUMBER
Classification number 650.14
Item number CRI
100 1# - MAIN ENTRY--AUTHOR NAME
Personal name Critchley, Robert K.,
245 10 - TITLE STATEMENT
Title Rewire or Rust :
260 ## - PUBLICATION, DISTRIBUTION, ETC. (IMPRINT)
Name of publisher Wrightbooks,
Year of publication 2006.
650 #0 - SUBJECT ADDED ENTRY--TOPICAL TERM
Topical Term Business & Economics.
942 ## - ADDED ENTRY ELEMENTS (KOHA)
Koha item type English Books
Holdings
Withdrawn status Lost status Damaged status Not for loan Home library Current library Shelving location Date acquired Full call number Accession Number Price effective from Koha item type
        Anna Centenary Library Anna Centenary Library 6TH FLOOR, A WING 29.12.2025 650.14 CRI 134920 29.12.2025 English Books

Find us on the map